| 000 | 00443cam a22001934a 4500 | ||
|---|---|---|---|
| 005 | 20250605164153.0 | ||
| 008 | 250528s ||||||||||||||||||||||||d | ||
| 035 | _a19460 | ||
| 020 | _a156496090 | ||
| 040 |
_aGR-AtMCL _bgre _dGR-AtMCL _eAACR2 |
||
| 245 | 1 | _aCOMPUTER GRAPHICS 2 | |
| 250 | _a1 | ||
| 260 | _c1994 | ||
| 300 | _a159 | ||
| 700 | 1 |
_aRockport Allworth Editions _95711 |
|
| 942 | _cBK | ||
| 999 |
_c4716 _d4716 |
||